Rihanna Songs - Sudden Death - Statistics

General Stats
  • This quiz has been taken 685 times
  • The average score is 16 of 20
Answers on the Grid
Answers color-coded by a green-red scale on the quiz's grid according to % correct below.
Don't Stop the Music
S&M
Give Me Everything
Love On the Brain
Work
SOS
Pon de Replay
Love Me Like You Do
Breakin' Dishes
Wrecking Ball
Just Give Me a Reason
Roar
Umbrella
Stay
Born This Way
Only Girl (In the World)
Stronger
The Monster
We Found Love
Where Have You Been
Feel So Close
Havana
This is What You Came For
What's My Name?
Irreplacable
Diamonds
Take a Bow
Love the Way You Lie
Bitch Better Have My Money
Rude Boy
 
Answer Stats
Answer % Correct
Don't Stop the Music
95%
Umbrella
94%
S&M
89%
Only Girl (In the World)
88%
Diamonds
87%
We Found Love
86%
Love On the Brain
83%
Pon de Replay
83%
Work
83%
Rude Boy
82%
Love the Way You Lie
81%
SOS
78%
Stay
77%
Where Have You Been
77%
Breakin' Dishes
75%
Bitch Better Have My Money
74%
This is What You Came For
72%
What's My Name?
70%
The Monster
66%
Take a Bow
59%
No matching quizzes found
Score Distribution
Percent of People with Each Score
Percentile by Number Answered
Your Score History
You have not taken this quiz